Project procurement management: a guide to structured procurements. / (Record no. 7828)
[ view plain ]
| 000 -LEADER | |
|---|---|
| fixed length control field | 01155cam a22002895i 4500 |
| 001 - CONTROL NUMBER | |
| control field | 20580135 |
| 003 - CONTROL NUMBER IDENTIFIER | |
| control field | OSt |
| 005 - DATE AND TIME OF LATEST TRANSACTION | |
| control field | 20211015114407.0 |
| 008 - FIXED-LENGTH DATA ELEMENTS--GENERAL INFORMATION | |
| fixed length control field | 180712s2018 scu 000 0 eng |
| 010 ## - LIBRARY OF CONGRESS CONTROL NUMBER | |
| LC control number | 2018908203 |
| 020 ## - INTERNATIONAL STANDARD BOOK NUMBER | |
| International Standard Book Number | 9780557209033 |
| 040 ## - CATALOGING SOURCE | |
| Original cataloging agency | DLC |
| Language of cataloging | eng |
| Description conventions | rda |
| Transcribing agency | DLC |
| 042 ## - AUTHENTICATION CODE | |
| Authentication code | pcc |
| 050 ## - LIBRARY OF CONGRESS CALL NUMBER | |
| Classification number | HD69.P75G98 |
| 100 1# - MAIN ENTRY--PERSONAL NAME | |
| Personal name | Guth, Stephen Richard. |
| 245 10 - TITLE STATEMENT | |
| Title | Project procurement management: a guide to structured procurements. / |
| Statement of responsibility, etc. | Stephen R. Guth |
| 260 ## - PUBLICATION, DISTRIBUTION, ETC. | |
| Place of publication, distribution, etc. | Alexandria, Virginia: |
| Name of publisher, distributor, etc. | Guth Ventures LLC, |
| Date of publication, distribution, etc. | 2009. |
| 300 ## - PHYSICAL DESCRIPTION | |
| Extent | xii, 211 p.: |
| Other physical details | ill.; |
| 336 ## - CONTENT TYPE | |
| Content type term | text |
| Content type code | txt |
| Source | rdacontent |
| 337 ## - MEDIA TYPE | |
| Media type term | unmediated |
| Media type code | n |
| Source | rdamedia |
| 338 ## - CARRIER TYPE | |
| Carrier type term | volume |
| Carrier type code | nc |
| Source | rdacarrier |
| 505 ## - FORMATTED CONTENTS NOTE | |
| Formatted contents note | Contents: Introduction -- Project procurement management overview -- Plan procurements -- Legal considerations -- Conduct procurements -- Dispute resolution -- Administer procurements -- Close procurements -- Ethical considerations -- |
| 653 ## - INDEX TERM--UNCONTROLLED | |
| Uncontrolled term | Public contracts -- United States. |
| -- | Project management. |
| -- | Letting of contracts -- United States. |
| 906 ## - LOCAL DATA ELEMENT F, LDF (RLIN) | |
| a | 0 |
| b | ibc |
| c | orignew |
| d | 2 |
| e | epcn |
| f | 20 |
| g | y-gencatlg |
| 942 ## - ADDED ENTRY ELEMENTS (KOHA) | |
| Source of classification or shelving scheme | Library of Congress Classification |
| Koha item type | Books |
| Withdrawn status | Lost status | Source of classification or shelving scheme | Damaged status | Not for loan | Home library | Current library | Shelving location | Date acquired | Source of acquisition | Total Checkouts | Full call number | Barcode | Date last seen | Copy number | Price effective from | Koha item type |
|---|---|---|---|---|---|---|---|---|---|---|---|---|---|---|---|---|
| Library of Congress Classification | WISCONSIN INTERNATIONAL UNIVERSITY COLLEGE, GHANA KUMASI LIBRARY | WISCONSIN INTERNATIONAL UNIVERSITY COLLEGE, GHANA KUMASI LIBRARY | General Stacks | 05/11/2019 | STM | HD69.P75.G98 | K/1280/1280/19 | 15/10/2021 | 1 | 15/10/2021 | Books | |||||
| Library of Congress Classification | WISCONSIN INTERNATIONAL UNIVERSITY COLLEGE, GHANA KUMASI LIBRARY | WISCONSIN INTERNATIONAL UNIVERSITY COLLEGE, GHANA KUMASI LIBRARY | General Stacks | 05/11/2019 | STM | HD69.P75.G981 | K/1281/1281/19 | 15/10/2021 | 2 | 15/10/2021 | Books | |||||
| Library of Congress Classification | WISCONSIN INTERNATIONAL UNIVERSITY COLLEGE, GHANA KUMASI LIBRARY | WISCONSIN INTERNATIONAL UNIVERSITY COLLEGE, GHANA KUMASI LIBRARY | General Stacks | 05/11/2019 | STM | HD69.P75.G982 | K/1282/1282/19 | 15/10/2021 | 3 | 15/10/2021 | Books |
